1155 1784 1037 1763 1735 1761 1102 1233 1648 1356 1880 1316 1911 1304 1348 1292 1488 1635 1365 1903 1896 1875 1080 1261 1051 1883 1585 1499 1265 1660 1842 1116 1026 1856 1149 1492 1421 1043 1475 1229 1923 1457 1309 1003 1760 1187 1614 1933 1056 1033 1546 1251 1892 1468 1600 1893 1809 1029 1306 1693 1696 1668 1184 1952 1388 1447 1510 1901 1994 1769 1065 1115 1011 1993 1178 1384 1565 1185 1652 1990 1121 1974 1134 1033 1243 1722 1464 1182 1983 1794 1860 1036 1230 1173 1357 1923 1600 1110 1772 BCNSPRNW ULIB Ver.6.0+V

เปลี่ยนเป็นภาษาไทย

Change to English
 แสดงรายละเอียดบรรณานุกรม
  กลับหน้าหลัก

Brief Record : Get Marc (ISO 2709) : E-mail record : QR code < ปิดหน้าต่าง
LEADER : 00000nam 2200000uu 4500
001    13399126308
003     ULIB
008    180905s2560||||th 000 0 tha d
020    ^a9786162713927
060    ^aWY100.7^bส46ก
100    ^aสุพัตรา อุปนิสากร, จารุวรรณ บุญรัตน์ และ วัชรีย์ แสงมณี, บรรณาธิการ
245    ^aการปฏิบัติการพยาบาลตามหลักฐานเชิงประจักษ์ในโรงพยาบาลสงขลานครินทร์ = Eudence - Based Nursing in Songklanagarind Hospital/^bสุพัตรา อุปนิสากร, จารุวรรณ บุญรัตน์ และ วัชรีย์ แสงมณี, บรรณาธิการ
250    ^aพิมพ์ครั้งที่ 2
260    ^aสงขลา :^bคณะแพทยศาสตร์ มหาวิทยาลัยสงขลานครินทร์,^c2560
300    ^a192 หน้า
650    ^aการพยาบาลตามหลักฐานเชิงประจักษ์
650  0 ^aการพยาบาล, การบริหาร
945    ^p0^l0^i26540
945    ^p0^l0^i26539
945    ^p0^l0^i26538
945    ^p0^l0^i26536
945    ^p0^l0^i26537
999    ^aกัณชพร จุลอักษร
รายการนี้ยังไม่มีแท็ก
คุณยังไม่ได้ล็อกอิน คุณสามารถมีกิจกรรมร่วมกับเว็บไซต์ได้ แต่ต้องล็อกอินก่อน ::
  ล็อกอิน

รายการสื่อสารสนเทศ

ลำดับที่ ประเภท เลขเรียก/บาร์โค้ด สถานที่ สถานะ
1. หนังสือสำรอง
หนังสือสำรอง
WY100.7 ส46ก ฉ.1 
  Barcode: 26536
ห้องสมุดวิทยาเขตนครสวรรค์
►หนังสือทั่วไป:l:General Books
บนชั้น
2. วิทยาศาสตร์การแพทย์ และสุขภาพ
วิทยาศาสตร์การแพทย์ และสุขภาพ
WY100.7 ส46ก ฉ.2 
  Barcode: 26537
ห้องสมุดวิทยาเขตนครสวรรค์
►หนังสือทั่วไป:l:General Books
บนชั้น
3. วิทยาศาสตร์การแพทย์ และสุขภาพ
วิทยาศาสตร์การแพทย์ และสุขภาพ
WY100.7 ส46ก ฉ.3 
  Barcode: 26538
ห้องสมุดวิทยาเขตนครสวรรค์
►หนังสือทั่วไป:l:General Books
บนชั้น
4. วิทยาศาสตร์การแพทย์ และสุขภาพ
วิทยาศาสตร์การแพทย์ และสุขภาพ
WY100.7 ส46ก ฉ.4 
  Barcode: 26539
ห้องสมุดวิทยาเขตนครสวรรค์
►หนังสือทั่วไป:l:General Books
บนชั้น
5. วิทยาศาสตร์การแพทย์ และสุขภาพ
วิทยาศาสตร์การแพทย์ และสุขภาพ
WY100.7 ส46ก ฉ.5 
  Barcode: 26540
ห้องสมุดวิทยาเขตนครสวรรค์
►หนังสือทั่วไป:l:General Books
บนชั้น

รายการใกล้เคียง
    ผู้แต่ง [สุพัตรา อุปนิสากร, จารุวรรณ บุญรัตน์ และ วัชรีย์ แสงมณี, บรรณาธิการ]

    หัวเรื่อง [การพยาบาลตามหลักฐานเชิงประจักษ์]
    หัวเรื่อง [การพยาบาล, การบริหาร]

BibComment


ยังไม่เคยถูกคอมเมนท์

คอมเมนท์ทรัพยากรรายการนี้
  คอมเมนท์: การปฏิบัติการพยา..


 Copyright 2026. Bcnsprnw @Library